banner-ar

المرجع الحديث للمهندس العصرى: الدهانات المعمارية - الدهانات الصناعية - الترميمات والشروخ - الاضافات الخرسانية - المواد العازلة - المواد اللاصقة ... / (Record no. 37828)

MARC details
000 -الفاتح
حقل البيانات ثابتة الطول 00574nam a2200133Ia 4500
008 - عناصر البيانات ثابتة الطول - معلومات عامة
حقل البيانات ثابتة الطول 140319s9999 xx 000 0 ara d
040 ## - مصدر الفهرسة
وكالة الفهرسة الأصلية GCL /
وكالة النسخ GCL
082 04 - رقم تصنيف ديوى العشرى
رقم التصنيف 691
رقم المادة ح م
100 1# - المدخل الرئيسى - إسم شخصى
الإسم الشخصى حسين محمد جمعة
245 10 - بيان العنوان
العنوان المرجع الحديث للمهندس العصرى: الدهانات المعمارية - الدهانات الصناعية - الترميمات والشروخ - الاضافات الخرسانية - المواد العازلة - المواد اللاصقة ... /
بيان المسئوليه,etc حسين محمد جمعة
300 ## - الوصف المادى
التعداد 176 ص
490 ## - بيان السلسلة
عنوان السلسلة
Holdings
حالة التراجع حالة الفقد حالة تلف ليس للاعارة المكان المؤقت الموقع الحالى تاريخ الاكتساب اجمالي اﻻعارات رقم الطلب الباركود تاريخ اخر مشاهدة تاريخ تفعيل السعر نوع وعاء كوها
        مكتبة القاهرة الكبرى مكتبة القاهرة الكبرى 03/26/2014   691\ح م 92358 03/26/2014 03/26/2014 كتاب
        مكتبة القاهرة الكبرى مكتبة القاهرة الكبرى 03/26/2014   691\ح م 92359 03/26/2014 03/26/2014 كتاب

Powered By

EGPV